[Event "CZE-chT 9798"]
[Site "CZE"]
[Date "1997.11.15"]
[Round "1"]
[White "Voloshin, Leonid"]
[Black "Shulman, Yuri"]
[Result "0-1"]
[WhiteElo "2420"]
[BlackElo "2335"]

1.d4 Nf6 2.c4 g6 3.Nc3 Bg7 4.e4 d6 5.Nf3 O-O 6.Be2 e5 7.dxe5 dxe5 8.Qxd8 Rxd8
9.Bg5 Re8 10.Nd5 Nxd5 11.cxd5 c6 12.Bc4 cxd5 13.Bxd5 Nd7 14.Nd2 Nc5 15.O-O Be6
16.Bxe6 Nxe6 17.Be3 Nd4 18.Rfd1 Rac8 19.Nb3 Rc4 20.Kf1 Nc2 21.Rac1 Nxe3+
22.fxe3 Rxe4 23.Rc7 Bh6 24.Nc5 Rh4 25.Rdd7 Bxe3 26.Nxb7 Rf4+ 27.Ke2 Bb6 28.Rc2 Rf2+
29.Kd1 Rxc2 30.Kxc2 e4 31.Nd6 Re6 32.Kd1 e3 33.Ke2 Rf6 34.Nc4 Rf2+ 35.Kd3 Rxg2
36.a4 Kf8 37.Rd5 Rxh2 38.Nxb6 axb6 39.Rb5 e2 40.Kd2 Rh4 41.Kxe2 Rxa4 42.Rxb6 h5
43.Kf3 Kg7 44.Rb8 g5 45.b4 Kg6 46.b5 Rb4 47.b6 h4 48.b7 Kf5 49.Ke3 h3 50.Kf2 Kg4  0-1

[Event "Kakhovka"]
[Site "Kakhovka"]
[Date "1997.??.??"]
[Round "?"]
[White "Shulman, Yuri"]
[Black "Notkin, Maksim"]
[Result "1-0"]
[WhiteElo "2555"]
[BlackElo "2515"]

1.e4 e5 2.f4 exf4 3.Nf3 h6 4.d4 g5 5.Nc3 d6 6.g3 fxg3 7.h4 g4 8.Ng1 g2 9.Bxg2 Be7
10.h5 Bh4+ 11.Ke2 Bg5 12.Bxg5 Qxg5 13.Qd2 Qxd2+ 14.Kxd2 Nc6 15.Nb5 Kd8 16.Ne2 Bd7
17.Raf1 Rh7 18.Nbc3 Rg7 19.Nd5 Nce7 20.Ne3 c6 21.Rf4 Kc7 22.Ng3 f6 23.c4 Rg5
24.Bf1 Rf8 25.Be2 Rf7 26.Bxg4 Bxg4 27.Nxg4 Rfg7 28.Rh4 b5 29.cxb5 Rxb5 30.b3 Rgg5
31.Rh3 f5 32.exf5 Nxf5 33.Ne4 Rg7 34.a4 Ra5 35.Nc3 Nfe7 36.Ne3 Rag5 37.Rf8 d5
38.Ne2 Kb7 39.b4 Nc8 40.Nf4 Re7 41.Ng6 Re4 42.Rxg8 Rxd4+ 43.Kc3 Re4 44.Nc2 a5
45.Rg7+ Kb6 46.bxa5+ Kxa5 47.Nd4 c5 48.Nb3+ Kb6 49.Rf3 Nd6 50.Rf6 Rg3+ 51.Kb2 Rg2+
52.Nd2 Rb4+ 53.Kc3 d4+ 54.Kd3 Rg3+ 55.Ke2 Re3+ 56.Kd1 c4 57.Rxd6+ Kc5 58.Ra6 d3
59.Rc7+  1-0

[Event "Anibal op 4th"]
[Site "Linares"]
[Date "1997.??.??"]
[Round "1"]
[White "Shulman, Yuri"]
[Black "Ippolito, Dean"]
[Result "1-0"]
[WhiteElo "2555"]
[BlackElo "2280"]

1.d4 d5 2.c4 c6 3.Nf3 Nf6 4.Nc3 e6 5.Bg5 h6 6.Bxf6 Qxf6 7.e3 Nd7 8.Bd3 dxc4
9.Bxc4 g6 10.O-O Bg7 11.e4 e5 12.d5 Nb6 13.Bb3 O-O 14.h3 Rd8 15.Qe2 Bd7 16.Rfd1 Rac8
17.a4 cxd5 18.Bxd5 Nxd5 19.Nxd5 Qe6 20.Rd3 f5 21.Nc3 Bc6 22.a5 Rxd3 23.Qxd3 Qb3
24.Qb1 fxe4 25.Nd2 Qb4 26.Ndxe4 Rf8 27.a6 b5 28.Qc2 Qc4 29.Nd6 Qc5 30.Qb3+ Kh7
31.Nce4 Qb6 32.Qe3 Qxe3 33.fxe3 Rb8 34.Nc5 e4 35.Ncb7 Bxb2 36.Rd1 Be5 37.Na5 Rd8
38.Nxc6 Rxd6 39.Rxd6 Bxd6 40.Nxa7 b4 41.Nb5 Bc5 42.Kf2 b3 43.Ke2 b2 44.Nc3 g5
45.Kd2 Kg6 46.g4 Kf7 47.Kc2 Bxe3 48.Nxe4 Bd4 49.Ng3 Kf6 50.Nf5 Ba7 51.Nxh6 Ke5
52.Kxb2 Kf4 53.Nf7  1-0

[Event "Anibal op 4th"]
[Site "Linares"]
[Date "1997.??.??"]
[Round "2"]
[White "Minzer, Claudio Javier"]
[Black "Shulman, Yuri"]
[Result "0-1"]
[WhiteElo "2430"]
[BlackElo "2555"]

1.d4 Nf6 2.c4 d6 3.Nc3 Nbd7 4.e4 e5 5.Be3 g6 6.f3 exd4 7.Qxd4 Bg7 8.Nh3 O-O
9.Qd2 Ne5 10.Nf2 Be6 11.Nd5 c6 12.Nxf6+ Bxf6 13.Rc1 d5 14.cxd5 cxd5 15.Bc5 dxe4
16.Qxd8 Rfxd8 17.Nxe4 Bg7 18.b3 Bh6 19.Rd1 Rxd1+ 20.Kxd1 Rd8+ 21.Ke1 f5 22.Nd6 b6
23.Ba3 Bf4 24.Nc4 Nxc4 25.Bxc4 Bxc4 26.bxc4 Rd2 27.g3 Rxa2  0-1

[Event "Anibal op 4th"]
[Site "Linares"]
[Date "1997.??.??"]
[Round "3"]
[White "Shulman, Yuri"]
[Black "Relange, Eloi"]
[Result "1-0"]
[WhiteElo "2555"]
[BlackElo "2480"]

1.d4 Nf6 2.c4 g6 3.Nc3 Bg7 4.e4 d6 5.Nf3 O-O 6.Be2 e5 7.Be3 c6 8.O-O exd4
9.Bxd4 Re8 10.Qc2 Qe7 11.Rfe1 Nbd7 12.h3 a6 13.Rad1 b5 14.b4 c5 15.bxc5 dxc5
16.Bxf6 Nxf6 17.cxb5 Nxe4 18.Nxe4  1-0

[Event "Anibal op 4th"]
[Site "Linares"]
[Date "1997.??.??"]
[Round "9"]
[White "Shulman, Yuri"]
[Black "Giorgadze, Giorgi"]
[Result "0-1"]
[WhiteElo "2555"]
[BlackElo "2595"]

1.e4 e5 2.f4 Bc5 3.Nf3 d6 4.Nc3 Nf6 5.Bc4 exf4 6.d4 Bb4 7.O-O O-O 8.Nd5 Nxd5
9.Bxd5 c6 10.Bb3 d5 11.Bxf4 Be7 12.Qd2 Be6 13.Ng5 Bxg5 14.Bxg5 f6 15.Bh4 Qd7
16.exd5 cxd5 17.c3 Nc6 18.Bc2 Bf7 19.Bf5 Be6 20.Bc2 Bf7 21.Bf5 Be6 22.Bd3 Rae8
23.Qc2 g5 24.Bg3 f5 25.h4 f4 26.Bh2 h6 27.Rae1 Re7 28.Qd2 Rg7 29.Rf2 Bf5
30.hxg5 hxg5 31.g3 Bxd3 32.Qxd3 Qg4 33.Ref1 Ne7 34.Qf3 Qxf3 35.Rxf3 Nf5 36.gxf4 g4
37.Rg3 Nxg3 38.Bxg3 Re8 39.f5 Re2 40.Be5 Rg5 41.f6 Kf7 42.Rf2 Rxf2 43.Kxf2 b5
44.Kg3 Rg8 45.a3 a5 46.Kg2 a4 47.Kg3 Rg6 48.Kh4 g3 49.Bxg3 Kxf6 50.Kh3 Kf5
51.Kg2 Ke4 52.Kf2 Kd3 53.Bh4 Re6 54.Bd8 Re2+ 55.Kf3 Rxb2  0-1

[Event "Minsk op"]
[Site "Minsk"]
[Date "1997.??.??"]
[Round "1"]
[White "Popova, Natalija"]
[Black "Shulman, Yuri"]
[Result "0-1"]
[WhiteElo "2175"]
[BlackElo "2555"]

1.e4 c5 2.Nf3 e6 3.d4 cxd4 4.Nxd4 Nc6 5.Nb5 d6 6.c4 Nf6 7.N5c3 b6 8.Be2 Bb7
9.f4 Be7 10.O-O O-O 11.Bf3 Re8 12.Be3 Rc8 13.Nd2 Na5 14.e5 Nd7 15.Bxb7 Nxb7
16.Qf3 Qc7 17.Nb5 Qb8 18.Nd4 Na5 19.exd6 Bxd6 20.b3 Nf6 21.Rad1 Qb7 22.Qxb7 Nxb7
23.N2f3 Ng4 24.Bc1 Bc5 25.Kh1 Nd6 26.Ne5 h5 27.Nxg4 hxg4 28.Bb2 Nf5 29.Nxf5 exf5
30.Rd5 Re2 31.Bc3 Rc2 32.Be1 Rc1 33.Re5 Rd8 34.g3 Rdd1 35.Re2 Bb4 36.Bxb4 Rxf1+
37.Kg2 a5 38.Bd2 Rcd1 39.c5 bxc5 40.Bxa5 Rg1+ 41.Kf2 Rdf1+  0-1

[Event "EU-chT (Men)"]
[Site "Pula"]
[Date "1997.??.??"]
[Round "4"]
[White "Shulman, Yuri"]
[Black "Palac, Mladen"]
[Result "1/2-1/2"]
[WhiteElo "2555"]
[BlackElo "2595"]

1.d4 Nf6 2.c4 e6 3.Nc3 Bb4 4.e3 c5 5.Ne2 b6 6.a3 Ba5 7.Rb1 Na6 8.Bd2 O-O
9.d5 exd5 10.cxd5 d6 11.Nf4 Bxc3 12.Bxc3 Nc7 13.Be2 Bb7 14.Bxf6 Qxf6 15.O-O Qe7
16.Bf3 f5 17.Ne2 Qe5 18.Nc3 b5 19.Qd2 a5 20.Rfd1 Rfb8 21.h3 b4 22.Na4 Bc8
23.Nxc5 dxc5 24.d6 Ne6 25.Bxa8 Rxa8 26.d7 Ba6 27.axb4 cxb4 28.Qd5 Qxd5 29.Rxd5 Bb7
30.Re5 Kf7 31.Ra1 Bc6 32.Raxa5 Rxa5 33.Rxa5 Ke7 34.Ra6 Bd5 35.f3 Kxd7 36.Rb6 b3
37.e4 fxe4 38.fxe4 Bxe4 39.Rxb3 Kd6 40.g3 Kd5 41.Kf2 g5  1/2-1/2

[Event "EU-chT (Men)"]
[Site "Pula"]
[Date "1997.??.??"]
[Round "6"]
[White "Efimov, Igor"]
[Black "Shulman, Yuri"]
[Result "1/2-1/2"]
[WhiteElo "2530"]
[BlackElo "2555"]

1.d4 Nf6 2.Nf3 g6 3.g3 Bg7 4.Bg2 c5 5.c3 Qc7 6.O-O O-O 7.Re1 d5 8.Bf4 Qb6
9.Qb3 Nc6 10.Nbd2 Qxb3 11.Nxb3 c4 12.Nbd2 h6 13.Ne5 Be6 14.e4 Nxe4 15.Nxc6 bxc6
16.Nxe4 dxe4 17.Bxe4 g5 18.Bc7 Rac8 19.Be5 Rfe8  1/2-1/2

[Event "EU-chT (Men)"]
[Site "Pula"]
[Date "1997.??.??"]
[Round "8"]
[White "Fridman, Daniel"]
[Black "Shulman, Yuri"]
[Result "1/2-1/2"]
[WhiteElo "2490"]
[BlackElo "2555"]

1.Nf3 g6 2.e4 c5 3.d4 cxd4 4.Nxd4 Bg7 5.c4 Nc6 6.Be3 Nf6 7.Nc3 Ng4 8.Qxg4 Nxd4
9.Qd1 Nc6 10.Qd2 d6 11.Be2 O-O 12.O-O Be6 13.Nd5 Qd7 14.Rac1 Rac8 15.f4 b6
16.b3 f5 17.exf5 Bxf5 18.Rcd1 Kh8 19.Nb4 Nxb4 20.Qxb4 Bg4 21.Qd2 Rce8 22.h3 Bxe2
23.Qxe2 Qc6 24.Qf3 Qxf3 25.Rxf3 Rd8 26.Rf2 Kg8 27.Rd5 e6 28.Rd3 Rd7 29.Rfd2 Rfd8
30.Kf2 Kf7 31.Kf3 d5 32.Bf2 Bf6 33.g4 Ke8 34.cxd5 Rxd5 35.Rxd5 exd5 36.Ke3 Ke7
37.Kd3 Rc8 38.Rc2 Rxc2 39.Kxc2 Ke6 40.Kd3 Be7 41.Be3  1/2-1/2

[Event "Ubeda op"]
[Site "Ubeda"]
[Date "1997.??.??"]
[Round "5"]
[White "Shulman, Yuri"]
[Black "Marciano, David"]
[Result "1-0"]
[WhiteElo "2555"]
[BlackElo "2485"]

1.e4 e5 2.Nc3 Nc6 3.f4 exf4 4.Nf3 g5 5.h4 g4 6.Ng5 h6 7.Nxf7 Kxf7 8.Bc4+ d5
9.Bxd5+ Kg7 10.d4 Nf6 11.Bxf4 Bb4 12.Bxc6 bxc6 13.O-O Rf8 14.Qd2 Ng8 15.Be5+ Kh7
16.Rxf8 Qxf8 17.Rf1 Qe7 18.Qf4 Be6 19.Nd5 Bd2 20.Qxd2 cxd5 21.Qf4 c6 22.exd5 cxd5
23.c4 Qd7 24.h5 Ne7 25.Qf6 Rg8 26.Qf7+  1-0

[Event "Ubeda op"]
[Site "Ubeda"]
[Date "1997.??.??"]
[Round "7"]
[White "Shulman, Yuri"]
[Black "Zapata, Alonso"]
[Result "1-0"]
[WhiteElo "2555"]
[BlackElo "2515"]

1.d4 Nf6 2.c4 g6 3.Nc3 Bg7 4.e4 d6 5.Nf3 O-O 6.Be2 e5 7.Be3 Nbd7 8.O-O c6
9.h3 exd4 10.Bxd4 Re8 11.Qc2 Nc5 12.Bd3 Nh5 13.Bxg7 Kxg7 14.Rfe1 Qf6 15.Re3 a5
16.Bf1 Bd7 17.Rd1 Rad8 18.g3 Bc8 19.Bg2 Kg8 20.Rd2 Qe7 21.Rde2 Ng7 22.Na4 Qc7
23.a3 Nxa4 24.Qxa4 c5 25.Qc2 Bd7 26.b3 b5 27.e5 Bf5 28.exd6 Qxd6 29.Rxe8+ Nxe8
30.Qc3 b4 31.axb4 axb4 32.Qe3 Qc7 33.Ne5 Nf6 34.f4 h5 35.Kh2 Qd6 36.Bf3 Qd4
37.Qxd4 Rxd4 38.g4 hxg4 39.hxg4 Bb1 40.Kg3 Kg7 41.Rb2 Ne4+ 42.Bxe4 Bxe4 43.Ra2 g5
44.fxg5 Bg6 45.Ra6 Bc2 46.Ra7 Bg6 47.Rc7 Re4 48.Nxg6 Kxg6 49.Rc6+ Kg7 50.Kf3 Rd4
51.Rxc5 Rd3+ 52.Ke4 Rxb3 53.Rb5 Rb1 54.Kd3 Kg6 55.Kc2 Rg1 56.Kb3 Rxg4 57.Kxb4 f5
58.gxf6 Kxf6 59.Rd5 Ke6 60.Rd1 Rg8 61.c5 Rb8+ 62.Ka5 Ke7 63.Ka6  1-0

[Event "Ubeda op"]
[Site "Ubeda"]
[Date "1997.??.??"]
[Round "8"]
[White "Buturin, Vladimir"]
[Black "Shulman, Yuri"]
[Result "1/2-1/2"]
[WhiteElo "2465"]
[BlackElo "2555"]

1.e4 c5 2.c3 e6 3.d4 d5 4.exd5 exd5 5.Nf3 Nc6 6.Bb5 Bd6 7.dxc5 Bxc5 8.O-O Ne7
9.Nbd2 O-O 10.Nb3 Bd6 11.Bd3 h6 12.h3 Bf5 13.Nbd4 Bxd3 14.Qxd3 Qd7 15.Be3 Rad8
16.Rad1 Rfe8 17.Rfe1 Bb8 18.Bc1 Ng6 19.Rxe8+ Qxe8 20.Re1 Qd7 21.Qf5 Qxf5
22.Nxf5 f6 23.Rd1 Kf7 24.Kf1 a6 25.Ne1 h5 26.Nc2 Be5 27.Be3 Nge7 28.Nxe7 Nxe7
29.Nb4 Ke6 30.Nd3 Bd6 31.Bf4 g5 32.Re1+ Kf7 33.Bxd6 Rxd6 34.Nc5 Rc6 35.Nb3 Rc7
36.Rd1 Ke6 37.Nd4+ Kf7 38.Ne2 Ke6 39.f4 Nc6 40.Kf2 Rd7 41.Kf3 Kf7 42.Ke3 Re7+
43.Kf2 Rd7 44.Ng3 h4 45.Ne2 Kg6 46.Ke3 Rd8 47.Rf1 Re8+ 48.Kd2 Na5 49.b3 Nc6
50.Rf3 Rd8 51.Rd3 Kf5 52.fxg5 fxg5 53.Nd4+ Nxd4 54.Rxd4 Ke5 55.Rg4 Kf5 56.Rb4 Rd7
57.a4 Rg7 58.Rg4 b6 59.Kd3 Ke5 60.g3 hxg3 61.Rxg3 Kd6 62.Kd4 Rh7 63.Rxg5 Rxh3
64.Rg6+ Kc7 65.a5 Rh4+ 66.Kd3 Rh3+ 67.Kc2 Rh2+ 68.Kb1 Rh1+ 69.Kb2 Rh2+ 70.Ka3 bxa5
71.Rxa6 Rc2 72.Rxa5  1/2-1/2

[Event "Mikenas mem op"]
[Site "Vilnius"]
[Date "1997.??.??"]
[Round "?"]
[White "Shulman, Yuri"]
[Black "Aseev, Konstantin N"]
[Result "1/2-1/2"]
[WhiteElo "2555"]
[BlackElo "2530"]

1.c4 Nf6 2.Nc3 e6 3.Nf3 Bb4 4.Qc2 O-O 5.a3 Bxc3 6.Qxc3 c5 7.e3 b6 8.b4 Bb7
9.Be2 Qe7 10.O-O Rc8 11.Bb2 d5 12.bxc5 Rxc5 13.a4 Qd8 14.Rfc1  1/2-1/2

[Event "Mikenas mem op"]
[Site "Vilnius"]
[Date "1997.??.??"]
[Round "?"]
[White "Oll, Lembit"]
[Black "Shulman, Yuri"]
[Result "1/2-1/2"]
[WhiteElo "2625"]
[BlackElo "2555"]

1.e4 e6 2.d4 d5 3.Nc3 Bb4 4.exd5 exd5 5.Bd3 Ne7 6.Ne2 Bf5 7.a3 Bxc3+ 8.Nxc3 Bxd3
9.Qxd3 O-O 10.O-O c6 11.Bg5 h6 12.Bh4 Qd7 13.Bg3 Na6 14.Rae1 Nc7 15.Be5 Rae8
16.Nd1 Nb5 17.Ne3 Nd6 18.Ng4 Ng6 19.Bxd6 Qxd6 20.g3 Qd7 21.Ne3 Ne7 22.Kg2 Nc8
23.Nf5  1/2-1/2

[Event "Mikenas mem op"]
[Site "Vilnius"]
[Date "1997.??.??"]
[Round "7"]
[White "Krasenkow, Michal"]
[Black "Shulman, Yuri"]
[Result "1/2-1/2"]
[WhiteElo "2615"]
[BlackElo "2555"]

1.c4 g6 2.d4 Nf6 3.Nc3 Bg7 4.e4 d6 5.Nf3 O-O 6.Be2 e5 7.O-O Nc6 8.d5 Ne7
9.b4 Nh5 10.Re1 f5 11.Ng5 Nf6 12.Bf3 c6 13.Be3 f4 14.Bc1 h6 15.Ne6 Bxe6 16.dxe6 Nc8
17.Qb3 Qe7 18.c5 Re8 19.Be2 Kh7 20.Ba3 Qxe6 21.Bc4 Qe7 22.Rad1 b5 23.cxb6 Nxb6
24.b5 Nxc4 25.Qxc4 c5 26.Nd5 Nxd5 27.Rxd5 Bf8 28.Bb2 Reb8 29.a4 a6 30.Bc3 axb5
31.axb5  1/2-1/2

[Event "CZE-chT 9798"]
[Site "CZE"]
[Date "1998.02.07"]
[Round "6"]
[White "Shulman, Yuri"]
[Black "Stocek, Jiri"]
[Result "1-0"]
[WhiteElo "2335"]
[BlackElo "2450"]

1.d4 Nf6 2.c4 e6 3.Nc3 Bb4 4.e3 c5 5.Ne2 cxd4 6.exd4 O-O 7.a3 Be7 8.d5 exd5
9.cxd5 Bc5 10.Na4 d6 11.Nec3 Bg4 12.f3 Bf5 13.Be2 Bb6 14.Qb3 Nbd7 15.Nxb6 Nc5
16.Qb4 Re8 17.O-O axb6 18.Bg5 h6 19.Bh4 Na4 20.Nxa4 Rxe2 21.Nc3 Re5 22.Rad1 Ra6
23.Bg3 Re7 24.Qxd6 Qxd6 25.Bxd6 Rd7 26.Be5 Ne8 27.Rfe1 f6 28.Bg3 Kf7 29.Rd4 Ra5
30.Rb4 Nd6 31.Rxb6 Nc4 32.Rb4 Rc5 33.Bf2 Rc8 34.Bd4 Nd6 35.Kf2 Rc4 36.Rc1 Rxb4
37.axb4 Bd3 38.Na4 Nf5 39.Bb6 Rxd5 40.Rc7+ Kg6 41.Nc3 Re5 42.g4 Nd6 43.Rd7 Nc8
44.Bc5 Bc4 45.Bf8 Re8 46.Rxg7+  1-0

[Event "Novak Nikolic mem 1st"]
[Site "Belgrade"]
[Date "1998.02.08"]
[Round "3"]
[White "Cabrilo, Goran"]
[Black "Shulman, Yuri"]
[Result "1/2-1/2"]
[WhiteElo "2490"]
[BlackElo "2480"]

1.e4 e6 2.d4 d5 3.Nc3 Bb4 4.e5 c5 5.a3 Bxc3+ 6.bxc3 Ne7 7.a4 Qa5 8.Bd2 Nbc6
9.Nf3 Bd7 10.Bb5 a6 11.Bxc6 Nxc6 12.O-O O-O 13.Re1 Qc7 14.dxc5 Na5 15.Be3 Nc4
16.Qb1 Rab8 17.Bd4 b6 18.cxb6 Nxb6 19.Qd1 Nxa4 20.Re3 Qb7 21.Nd2 h6  1/2-1/2

[Event "Novak Nikolic mem 1st"]
[Site "Belgrade"]
[Date "1998.02.10"]
[Round "5"]
[White "Popchev, Milko"]
[Black "Shulman, Yuri"]
[Result "0-1"]
[WhiteElo "2455"]
[BlackElo "2480"]

1.d4 Nf6 2.Nf3 c5 3.c3 Qc7 4.g3 g6 5.Bg2 Bg7 6.O-O O-O 7.b4 cxb4 8.cxb4 d6
9.a3 Bf5 10.Bb2 Nbd7 11.Nc3 Nb6 12.Nd2 d5 13.Qb3 Qd7 14.a4 Rac8 15.a5 Nc4
16.Nxc4 dxc4 17.Qa4 Qxd4 18.Rad1 Qe5 19.Bxb7 Rb8 20.Bg2 Ne4 21.Rc1 Nd2 22.Rfe1 Nb3
23.Rcd1 Nd4 24.Rc1 Nb3 25.Rcd1 Nd4 26.Rc1 Nc2 27.Rxc2 Bxc2 28.Qxc2 Rxb4 29.a6 Qa5
30.Ba1 Rb3 31.Rc1 Qxa6 32.Qd1 Rfb8 33.Bf3 Qa3 34.Qd2 Bxc3 35.Bxc3 Qxc1+ 36.Qxc1 Rb1
37.Qxb1 Rxb1+ 38.Kg2 Rb3 39.Bd4 c3  0-1

[Event "Novak Nikolic mem 1st"]
[Site "Belgrade"]
[Date "1998.02.14"]
[Round "9"]
[White "Shulman, Yuri"]
[Black "Simic, Radoslav"]
[Result "1-0"]
[WhiteElo "2480"]
[BlackElo "2435"]

1.d4 d5 2.c4 c6 3.Nf3 Nf6 4.Nc3 g6 5.Bf4 Bg7 6.e3 O-O 7.Be2 e6 8.O-O b6 9.Rc1 Bb7
10.b4 dxc4 11.Bxc4 Qe7 12.Qb3 Rc8 13.e4 b5 14.Bd3 a5 15.bxa5 Nbd7 16.e5 Ne8
17.Bg5 f6 18.exf6 Bxf6 19.Rfe1 Nc7 20.Bf4 Nf8 21.Ne4 Nd5 22.Bd6 Qg7 23.Nc5 Ra7
24.Bxf8 Qxf8 25.Rxe6 Ba8 26.Be4 Re7 27.Rxe7 Qxe7 28.Bxd5+ cxd5 29.Re1 Qd6
30.Qxb5 Bc6 31.Qd3 Qc7 32.Re6 Bg7 33.Qe3 Qb8 34.h3 h6 35.Ne5 Qb1+ 36.Kh2 Be8
37.Qf3 Kh7 38.Re7 Kh8 39.Ne6 Bxe5+ 40.dxe5 Qf5 41.Qxf5 gxf5 42.a6  1-0

[Event "New York op"]
[Site "New York"]
[Date "1998.03.18"]
[Round "5"]
[White "Spraggett, Kevin"]
[Black "Shulman, Yuri"]
[Result "1/2-1/2"]
[WhiteElo "2565"]
[BlackElo "2480"]

1.e4 c5 2.Nf3 e6 3.d4 cxd4 4.Nxd4 Nc6 5.Nb5 d6 6.Bf4 e5 7.Be3 Nf6 8.Bg5 Be6
9.Bxf6 gxf6 10.Nd2 a6 11.Nc3 f5 12.exf5 Bxf5 13.Nc4 Be6 14.Ne3 Bh6 15.Ned5 O-O
16.g3 f5 17.Bg2 Kh8 18.O-O Rc8 19.Kh1 Nd4 20.f4 Bg7 21.Rf2 Qa5 22.Rd2 Qc5
23.Na4 Qxd5 24.Bxd5 Bxd5+ 25.Kg1 Bf3 26.Qf1 Bc6 27.Rxd4 exd4 28.Nb6 Rc7 29.Qc4 Re7
30.a4 Rfe8 31.Rf1 Re2 32.Rf2 Re1+ 33.Rf1 R1e2 34.Rf2 Re1+ 35.Rf1  1/2-1/2

[Event "RUS-Cup06"]
[Site "Nizhnij Novgorod"]
[Date "1998.06.30"]
[Round "2"]
[White "Shulman, Yuri"]
[Black "Yakovich, Yuri"]
[Result "0-1"]
[WhiteElo "2480"]
[BlackElo "2570"]

1.d4 Nf6 2.c4 e6 3.Nf3 b6 4.a3 Ba6 5.Qc2 c5 6.dxc5 bxc5 7.e4 d6 8.Be2 Bb7
9.Nc3 Nc6 10.Bg5 h6 11.Bxf6 Qxf6 12.Rd1 Be7 13.Nb5 Rd8 14.Nc7+ Kf8 15.Qb3 Rb8
16.Nb5 Qf4 17.Qc2 Rd8 18.g3 Qf6 19.Qb3 Rd7 20.Qa4 Qxb2 21.Nxa7 Qc3+ 22.Nd2 Qa5
23.Qxa5 Nxa5 24.Nb5 Bf6 25.Bd3 Ke7 26.Ke2 Nc6 27.Nb3 Ra8 28.Rd2 Ne5 29.Rhd1 Bc6
30.Rc2 Nxd3 31.Kxd3 Bxb5 32.cxb5 Rxa3 33.Rb1 Rb7 34.Kc4 Ra4+ 35.Kd3 Rxb5
36.Nxc5 Rab4  0-1

[Event "RUS-Cup06"]
[Site "Nizhnij Novgorod"]
[Date "1998.07.06"]
[Round "8"]
[White "Fedoseev, Vladimir"]
[Black "Shulman, Yuri"]
[Result "0-1"]
[WhiteElo "2375"]
[BlackElo "2480"]

1.e4 c5 2.c3 e6 3.d4 d5 4.exd5 exd5 5.Nf3 Nc6 6.Be3 Qb6 7.dxc5 Qxb2 8.Nbd2 Nf6
9.Rb1 Qxc3 10.Bb5 Be7 11.Bd4 Qa5 12.Ne5 Qc7 13.Qa4 Bd7 14.Nxd7 Nxd7 15.Bxg7 Rg8
16.Bh6 Nxc5 17.Qd4 O-O-O 18.Qe3 Bd6 19.Qh3+ Qd7 20.Qxd7+ Kxd7 21.O-O a6 22.Bxc6+ bxc6
23.Nf3 Rb8 24.Rbc1 Ne6 25.Rc2 Rb4 26.g3 Rgb8 27.Bc1 c5 28.Rd1 Kc6 29.Kg2 d4
30.h4 Kd5 31.Nd2 Ra4 32.Nf1 Bc7 33.f4 Kc6 34.f5 Nf8 35.Nd2 Nd7 36.Nf3 Rbb4
37.Ng5 Ne5 38.Nxh7 d3 39.Rcd2 c4 40.Ng5 Rb8 41.Nf3 Rg8 42.Rf1 Ng4 43.Kh3 Nf2+
44.Kg2 Ne4 45.Ng5 Nxd2 46.Bxd2 Rxa2 47.Rf2 Bb6 48.Be3 Rxf2+ 49.Bxf2 d2  0-1

[Event "MK Cafe Cup-A"]
[Site "Koszalin"]
[Date "1998.08.04"]
[Round "2"]
[White "Beliavsky, Alexander G"]
[Black "Shulman, Yuri"]
[Result "1-0"]
[WhiteElo "2645"]
[BlackElo "2520"]

1.d4 Nf6 2.c4 g6 3.Nf3 Bg7 4.g3 c5 5.Bg2 Qa5+ 6.Bd2 Qb6 7.dxc5 Qxc5 8.Qb3 d6
9.Nc3 O-O 10.Be3 Qa5 11.O-O Na6 12.a3 Bd7 13.Qa2 Qh5 14.Rfd1 Nc5 15.Nd5 Ba4
16.Nf4 Qf5 17.Bh3 Ng4 18.Rd5 Qc8 19.Bxc5 dxc5 20.Ne5 Bxe5 21.Rxe5 Qc7 22.Rd5 Nf6
23.Rd3 Rfd8 24.b4 Bd7 25.Bxd7 Rxd7 26.Rxd7 Qxd7 27.Qb2 Rc8 28.Rc1 b6 29.Qe5 Qc7
30.Qe3 cxb4 31.axb4 a5 32.bxa5 bxa5 33.c5 e6 34.Qb3 Qc6 35.Nd3 Nd7 36.Rc4 Rb8
37.Qc2 e5 38.f3 Rb5 39.Kf2 Kg7 40.Qc3 f6 41.Kg2 h5 42.h4 Nf8 43.Ra4 Qc7 44.Qc4 Qc6
45.Qa2 Qa8 46.g4 hxg4 47.Rxg4 Qb7 48.Qc4 Qc6 49.h5 g5 50.Nxe5 fxe5 51.Rxg5+ Kh6
52.Rg8 Rb7 53.Rxf8 Rg7+ 54.Kf2 e4 55.Qd4 Kh7 56.Qe5  1-0

[Event "MK Cafe Cup-A"]
[Site "Koszalin"]
[Date "1998.08.06"]
[Round "4"]
[White "Dworakowska, Joanna"]
[Black "Shulman, Yuri"]
[Result "0-1"]
[WhiteElo "2390"]
[BlackElo "2520"]

1.e4 e6 2.d4 d5 3.Nc3 Bb4 4.exd5 exd5 5.Bd3 Nc6 6.Ne2 Nge7 7.O-O O-O 8.a3 Bxc3
9.Nxc3 Bf5 10.Ne2 Re8 11.Bxf5 Nxf5 12.c3 Nce7 13.Nf4 c6 14.Nd3 Ng6 15.Bf4 Nxf4
16.Nxf4 Qg5 17.Nd3 Re4 18.Re1 h6 19.Rxe4 dxe4 20.Ne5 f6 21.Qb3+ Kh7 22.Qxb7 Nh4
23.g3 Rd8 24.Nxc6 Nf3+ 25.Kg2 Re8 26.Qf7 Ra8 27.Ne7 Qg4 28.Nd5 Nh4+ 29.Kf1 Qh3+
30.Ke2 Qg4+ 31.Kd2 Qf3 32.gxh4 Qxf2+ 33.Kc1 Rb8 34.b4 e3 35.Nxe3 Qxe3+ 36.Kc2 Rc8
37.Qb3 f5 38.Rd1 f4 39.Kb2 f3 40.Qc2+ Kh8 41.Rd2 Rf8 42.Rf2 Re8 43.Kb3 Qe6+
44.c4 Qe3+ 45.Ka4 Re6 46.b5 a6 47.Qd2 axb5+ 48.cxb5 Qe4 49.Qb4 Re8 50.b6 Ra8+
51.Kb5 Qe8+ 52.Kc4 Ra4 53.Kd3 Rxb4 54.axb4 Qb5+ 55.Ke3 Qxb4 56.Rxf3 Qxb6
57.Rf5 Qe6+ 58.Kf4 g6 59.Re5 Qh3 60.Re2 Qxh4+ 61.Ke3 Kg7 62.Kd3 Qh3+  0-1

[Event "MK Cafe Cup-A"]
[Site "Koszalin"]
[Date "1998.08.07"]
[Round "5"]
[White "Shulman, Yuri"]
[Black "Grabarczyk, Bogdan"]
[Result "1/2-1/2"]
[WhiteElo "2520"]
[BlackElo "2425"]

1.d4 d5 2.c4 dxc4 3.Nf3 Nf6 4.Nc3 a6 5.e4 b5 6.e5 Nd5 7.a4 Nxc3 8.bxc3 Qd5
9.g3 Bb7 10.Bg2 Qd7 11.Ba3 g6 12.h4 Bg7 13.h5 O-O 14.Kf1 Bd5 15.Ng5 h6 16.Ne4 Nc6
17.Nc5 Bxg2+ 18.Kxg2 Qd5+ 19.Qf3 Rfd8 20.hxg6 Qxf3+ 21.Kxf3 b4 22.gxf7+ Kxf7
23.Bxb4 Nxb4 24.cxb4 Rxd4 25.Rhe1 Rd5 26.Rac1 a5 27.Rxc4 axb4 28.Rf4+ Kg6
29.Ne6 Bxe5 30.Rxb4 Kf7 31.Nf4  1/2-1/2

[Event "MK Cafe Cup-A"]
[Site "Koszalin"]
[Date "1998.08.12"]
[Round "10"]
[White "Murdzia, Piotr"]
[Black "Shulman, Yuri"]
[Result "1/2-1/2"]
[WhiteElo "2405"]
[BlackElo "2520"]

1.d4 Nf6 2.c4 g6 3.Nf3 Bg7 4.Nc3 O-O 5.e4 d6 6.Be2 e5 7.O-O Nc6 8.d5 Ne7
9.b4 Nh5 10.Re1 f5 11.Ng5 Nf6 12.Bf3 c6 13.b5 h6 14.Ne6 Bxe6 15.dxe6 fxe4
16.Bxe4 d5 17.cxd5 cxd5 18.Ba3 Nxe4 19.Nxe4 dxe4 20.Qxd8 Rfxd8 21.Bxe7  1/2-1/2

[Event "Elista ol (Men)"]
[Site "Elista"]
[Date "1998.10.03"]
[Round "5"]
[White "Rogozenko, Dorin"]
[Black "Shulman, Yuri"]
[Result "1/2-1/2"]
[WhiteElo "2435"]
[BlackElo "2520"]

1.d4 g6 2.e4 Bg7 3.Nf3 c5 4.d5 Nf6 5.Nc3 d6 6.Be2 O-O 7.O-O e6 8.h3 exd5
9.exd5 Na6 10.Bf4 Nc7 11.a4 b6 12.Nb5 Nfe8 13.Bg5 Qd7 14.Rb1 h6 15.Be3 a6
16.Nxc7 Nxc7 17.c4 b5 18.axb5 axb5 19.b4 Ba6 20.bxc5 bxc4 21.Rc1 dxc5 22.Bxc4 Bxc4  1/2-1/2

[Event "Chigorin mem"]
[Site "St. Petersburg"]
[Date "1998.11.07"]
[Round "7"]
[White "Volkov, Sergey"]
[Black "Shulman, Yuri"]
[Result "1-0"]
[WhiteElo "2605"]
[BlackElo "2520"]

1.d4 Nf6 2.c4 g6 3.Nc3 Bg7 4.e4 d6 5.Be2 O-O 6.Nf3 e5 7.Be3 c6 8.d5 Ng4 9.Bg5 f6
10.Bh4 c5 11.O-O Nh6 12.Ne1 Nd7 13.f3 Nf7 14.Rb1 Bh6 15.Bf2 f5 16.b4 b6 17.a4 a5
18.bxc5 bxc5 19.exf5 gxf5 20.Qc2 Nb8 21.Bd3 Qd7 22.Qe2 Na6 23.Nc2 Nb4 24.Ne3 Nh8
25.Nb5 Qe7 26.Rbe1 Ng6 27.Bb1 Kh8 28.Kh1 Bd7 29.Nc3 Qg7 30.Qb2 Nf4 31.Rd1 Rab8
32.Nb5 Rf6 33.Bh4 Bg5 34.Bxg5 Qxg5 35.Nxd6 Nc6 36.dxc6 Rxb2 37.cxd7 Rb8 38.Bxf5 Rff8
39.Rfe1 Nh5 40.Ng4 Qh4 41.Nxe5 Ng3+ 42.Kg1 Nxf5 43.Nef7+ Kg8 44.Nxf5 Qf6
45.N7d6 Qc3 46.Ne7+ Kh8 47.Nf7+ Kg7 48.Ng5 Kh6 49.Ne6 Rxf3 50.gxf3 Qxf3 51.Rd2 Qc3
52.Rde2 Qxc4 53.Re4  1-0

[Event "Ostrava Cup"]
[Site "Ostrava"]
[Date "1998.??.??"]
[Round "1"]
[White "Shtyrenkov, Veniamen"]
[Black "Shulman, Yuri"]
[Result "1/2-1/2"]
[WhiteElo "2495"]
[BlackElo "2520"]

1.d4 Nf6 2.Nf3 g6 3.c4 Bg7 4.Nc3 O-O 5.e4 d6 6.Be2 e5 7.O-O Nc6 8.d5 Ne7
9.Ne1 Nd7 10.f3 f5 11.g4 Nf6 12.Nd3 h6 13.h4 c5 14.Rb1 Kh7 15.Kg2 Bd7 16.b4 cxb4
17.Rxb4 b6 18.Be3 Rc8 19.Nf2 Rc7 20.Rg1 Neg8 21.a4 Bc8 22.Rh1 Rcf7 23.Kg1 Nd7
24.g5 Re8 25.Rb2 f4 26.Bc1 Bf8 27.Bf1 hxg5 28.hxg5+ Kg7 29.Bh3 Qxg5+ 30.Kf1 Nc5
31.Bxc8 Rxc8 32.Ng4 Qd8 33.Qe2 Be7 34.Qh2 Kf8 35.Rg2 Nd3 36.Nh6 Rg7 37.Bd2 Nxh6
38.Qxh6 Kf7 39.Qh3 Nc5 40.Nb5 Qd7 41.Bb4 Qxh3 42.Rxh3 Nb7 43.Rc2 Kg8 44.Nxa7 Ra8
45.Nc6 Rxa4 46.Rch2 Kf7 47.Rh8 Ra1+ 48.Kg2 Nc5 49.Bxc5 bxc5 50.Rb8 Ra2+ 51.Kg1 Ra1+
52.Kg2 Ra2+ 53.Kg1 Rxh2 54.Kxh2 g5 55.Kh3 Rh7+ 56.Kg2 Rg7 57.Rb7 Kf6 58.Rd7 g4
59.Nxe7 Rxe7 60.Rxd6+ Kg5 61.fxg4 Ra7 62.Rd8 Ra2+ 63.Kf3 Ra3+ 64.Kf2 Ra2+  1/2-1/2

[Event "Ostrava Cup"]
[Site "Ostrava"]
[Date "1998.??.??"]
[Round "8"]
[White "Shulman, Yuri"]
[Black "Stocek, Jiri"]
[Result "0-1"]
[WhiteElo "2520"]
[BlackElo "2470"]

1.d4 Nf6 2.c4 d6 3.Nc3 e5 4.Nf3 Nbd7 5.e4 Be7 6.Be2 O-O 7.O-O c6 8.Qc2 exd4
9.Nxd4 Re8 10.Be3 Bf8 11.Rad1 Qc7 12.Rfe1 Nc5 13.f3 h6 14.Bf1 a6 15.a3 Bd7
16.b4 Ne6 17.Nb3 Rac8 18.Qf2 b5 19.Rc1 Qb7 20.Red1 bxc4 21.Na5 Qb8 22.Nxc4 d5
23.exd5 cxd5 24.Nxd5 Nxd5 25.Rxd5 Bb5 26.Rdd1 Nf4 27.Qd2 Ng6 28.Re1 Be7 29.Qf2 Bf6
30.Bc5 Rxe1 31.Rxe1 Rd8 32.Na5 Nf4 33.Bxb5 Qxb5 34.Qc2 Nd3 35.Re4 Nxc5 36.Qxc5 Bd4+
37.Qxd4 Rxd4 38.Rxd4 Qb6 39.Nb3 Qe6 40.Rd8+ Kh7  0-1